000 00429nam a2200145Ia 4500
008 191206s9999 xx 000 0 und d
020 _a395652375
090 _aD21.E578
245 0 _aEncyclopedia of world history:
250 _a"6th ed., [rev. and expanded]."
260 _aHoughton Mifflin
260 _cc2001
300 _a"xxviii, 1243 p. : maps ; 25 cm. + 1 CD-ROM (4 3/4"
999 _c15897
_d15897